Retail Management: Satisfaction of Consumer Needs (Record no. 1312)

MARC details
005 - DATE AND TIME OF LATEST TRANSACTION
control field 20250411092520.0
020 ## - INTERNATIONAL STANDARD BOOK NUMBER
International Standard Book Number 03-043686-9
082 ## - DEWEY DECIMAL CLASSIFICATION NUMBER
Classification number 658.87 MAR
100 ## - MAIN ENTRY--PERSONAL NAME
Author name MARQUARDT, R. A.
245 ## - TITLE STATEMENT
Title Retail Management: Satisfaction of Consumer Needs
250 ## - EDITION STATEMENT
Edition statement 2nd Ed.
260 ## - PUBLICATION, DISTRIBUTION, ETC.
Place of publication, distribution, etc. USA.,
Name of publisher, distributor, etc. The Dryden Press,
Date of publication, distribution, etc. 1979.
300 ## - PHYSICAL DESCRIPTION
Extent xix, 663p., ill., table, figure,
Other physical details Glossary, index,
Dimensions 24cm.
700 ## - ADDED ENTRY--PERSONAL NAME
Other authors/Editors MAKENS, J. C. & ROE, R. G.
942 ## - ADDED ENTRY ELEMENTS (KOHA)
Source of classification or shelving scheme Dewey Decimal Classification
Koha item type Books
Holdings
Date last seen Total checkouts Full call number Barcode Cost, replacement price Price effective from Koha item type Lost status Source of classification or shelving scheme Damaged status Not for loan Withdrawn status Home library Current library Shelving location Date acquired Cost, normal purchase price
04/11/2025   658.87 MAR 0000005110 90000.00 04/11/2025 Books   Dewey Decimal Classification       College of Business Education Main Library College of Business Education Main Library General Collection 04/11/2025 30000.00